| 000 | 00492cam a2200193ua 4500 | ||
|---|---|---|---|
| 001 | 997 | ||
| 008 | 110425n ii |||gr||||Z||||||eng | ||
| 020 | _a817729-054-1 | ||
| 040 | _cMAIN | ||
| 082 | _a320.954 | ||
| 245 | 1 |
_aIndian government and politics. _cBy Prakash Chander. |
|
| 250 | _a11th. | ||
| 260 |
_aDelhi.: _bBookhive., _c2001. |
||
| 300 |
_a244: _c25 cm. |
||
| 653 | _aPolitical science. | ||
| 653 | _aIndian government and politics. | ||
| 700 | _aChander, Prakash., | ||
| 942 | _cBK | ||
| 999 |
_c916 _d916 |
||